AFI Screen Legends - Complete Nominee List - Statistics

General Stats
  • This quiz has been taken 126 times
  • The average score is 166 of 500
Answer Stats
To/From Actor % Correct
Actor 1889-1977 Charlie Chaplin
92%
Actor 1901-1960 Clark Gable
92%
Actress 1927-2004 Janet Leigh
92%
Actress 1929-1993 Audrey Hepburn
90%
Actress 1910-2010 Gloria Stuart
90%
Actor 1899-1957 Humphrey Bogart
90%
Actress 1907-2003 Katharine Hepburn
90%
Actress 1893-1993 Vivien Leigh
90%
Actress 1908-1989 Bette Davis
87%
Actress 1929-1982 Grace Kelly
87%
Actor 1908-1997 James Stewart
87%
Actor 1907-1989 Laurence Olivier
87%
Actress 1897-1961 Marion Davies
87%
Actor 1904-1986 Cary Grant
86%
Actor 1924-2004 Marlon Brando
86%
Actor 1925-1990 Sammy Davis Jr.
86%
Actor 1900-1967 Spencer Tracy
86%
Actor 1885-1966 Buster Keaton
84%
Actress 1932-2011 Elizabeth Taylor
84%
Actor 1901-1961 Gary Cooper
84%
Actor 1912-1996 Gene Kelly
84%
Actor 1916-2003 Gregory Peck
84%
Actor 1905-1982 Henry Fonda
84%
Actor 1931-1955 James Dean
84%
Actress 1907-1961 Joan Davis
84%
Actor 1917-2005 Ossie Davis
84%
Actor 1913-1994 Burt Lancaster
83%
Actor 1922-2011 Jackie Cooper
83%
Actress 1926-1962 Marilyn Monroe
83%
Actor 1899-1986 James Cagney
81%
Actor 1911-1969 Robert Taylor
81%
Actor 1907-1979 John Wayne
79%
Actress 1901-1992 Marlene Dietrich
79%
Actress 1916-2020 Olivia de Havilland
79%
Actor 1904-1964 Peter Lorre
79%
Actor 1899-1987 Fred Astaire
78%
Actress 1915-1982 Ingrid Bergman
78%
Actress 1905-1990 Greta Garbo
76%
Actress 1919-2009 Jennifer Jones
76%
Actress 1922-1969 Judy Garland
76%
Actress 1922-2014 Ruby Dee
76%
Actor 1887-1961 1888-1964 1880-1977 The Marx Brothers
75%
Actor 1915-1998 Frank Sinatra
73%
Actress 1911-1995 Ginger Rogers
73%
Actress 1906-1977 Joan Crawford
73%
Actress 1938-1981 Natalie Wood
73%
Actor 1915-1985 Orson Welles
73%
Actor 1927-2022 Sidney Poitier
73%
Actor 1911-1986 Broderick Crawford
71%
Actor 1916-2020 Kirk Douglas
71%
Actor 1901-1981 Melvyn Douglas
71%
Actress 1928-2014 Shirley Temple
71%
Actor 1918-1981 William Holden
71%
Actor 1879-1935 Will Rogers
71%
Actor 1904-1999 Charles "Buddy" Rogers
70%
Actor 1923-2008 Charlton Heston
70%
Actor 1909-1992 Dana Andrews
70%
Actress 1924-2014 Lauren Bacall
70%
Actress 1892-1979 Mary Pickford
70%
Actress 1918-1987 Rita Hayworth
70%
Actor 1911-1998 Roy Rogers
70%
Actress 1934-Present Sophia Loren
70%
Actress 1903-1996 Claudette Colbert
67%
Actor 1920-1985 Yul Brynner
67%
Actor 1899-1962 Charles Laughton
65%
Actor 1893-1973 Edward G. Robinson
65%
Actress 1879-1959 Ethel Barrymore
65%
Actor 1916-2006 Glenn Ford
65%
Actress 1904-1996 Greer Garson
65%
Actor 1882-1942 John Barrymore
65%
Actor 1878-1954 Lionel Barrymore
65%
Actor 1914-2000 Alec Guinness
63%
Actress 1907-1990 Barbara Stanwyck
63%
Actor 1878-1949 Bill "Bojangles" Robinson
63%
Actor 1903-1977 Bing Crosby
63%
Actor 1891-1943 Charles Ray
63%
Actress 1932-2016 Debbie Reynolds
63%
Actor 1925-1984 Richard Burton
63%
Actor 1917-1997 Robert Mitchum
63%
Actress 1911-1995 Butterfly McQueen
62%
Actress 1899-1988 Colleen Moore
62%
Actress 1922-2019 Doris Day
62%
Actor 1908-1990 Rex Harrison
62%
Actor 1925-1985 Rock Hudson
62%
Actor 1930-1980 Steve McQueen
62%
Actor 1918-1996 Ben Johnson
60%
Actress 1920-2007 Laraine Day
60%
Actress 1922-1990 Ava Gardner
59%
Actor 1917-1995 Dean Martin
59%
Actress 1921-2007 Deborah Kerr
59%
Actress 1898-1968 Dorothy Gish
59%
Actress 1917-2013 Joan Fontaine
59%
Actress 1893-1993 Lillian Gish
59%
Actress 1921-2015 Lizabeth Scott
59%
Actress 1912-2003 Martha Scott
59%
Actor 1920-1966 Montgomery Clift
59%
Actress 1917-1975 Susan Hayward
59%
Actor 1916-2008 Van Johnson
59%
Actor 1932-1992 Anthony Perkins
57%
Actress 1921-1986 Donna Reed
57%
Actress 1913-1990 Mary Martin
57%
Actor 1898-1987 Randolph Scott
57%
Actor 1925-2010 Tony Curtis
57%
Actor 1897-1975 Fredric March
56%
Actress 1911-1937 Jean Harlow
56%
Actress 1913-2000 Loretta Young
56%
Actress 1916-1994 Martha Raye
56%
Actor 1891-1923 Wallace Reid
56%
Actress 1921-1993 Alexis Smith
54%
Actress 1923-1985 Anne Baxter
54%
Actress 1923-2004 Ann Miller
54%
Actress 1908-1942 Carole Lombard
54%
Actress 1890-1960 Clara Kimball Young
54%
Actor 1913-1978 Gig Young
54%
Actress 1899-1983 Gloria Swanson
54%
Actress 1895-1964 Gracie Allen
54%
Actor 1926-2017 Jerry Lewis
54%
Actor 1906-1987 John Huston
54%
Actor 1890-1965 1882-1957 Laurel and Hardy
54%
Actress 1893-1980 Mae West
54%
Actor 1907-1998 Robert Young
54%
Actor 1883-1950 Walter Huston
54%
Actor 1910-1983 David Niven
52%
Actress 1921-2013 Esther Williams
52%
Actress 1897-1992 Judith Anderson
52%
Actor 1925-1980 Peter Sellers
52%
Actor 1889-1951 Warner Baxter
52%
Actor 1915-2001 Anthony Quinn
51%
Actor 1905-1977 Eddie "Rochester" Anderson
51%
Actress 1924-1987 Geraldine Page
51%
Actor 1880-1971 Gilbert M. "Broncho Billy" Anderson
51%
Actor 1920-2014 Mickey Rooney
51%
Actor 1895-1967 Paul Muni
51%
Actress 1893-1952 Hattie McDaniel
49%
Actress 1898-1990 Irene Dunne
49%
Actress 1921-1965 Judy Holliday
49%
Actor 1893-1943 Leslie Howard
49%
Actress 1920-2015 Maureen O'Hara
49%
Actor 1891-1958 Ronald Colman
49%
Actress 1907-1976 Rosalind Russell
49%
Actor 1913-1988 Trevor Howard
49%
Actor 1882-1956 Bela Lugosi
48%
Actor 1887-1969 Boris Karloff
48%
Actor 1904-1963 Dick Powell
48%
Actress 1912-1982 Eleanor Powell
48%
Actor 1909-1984 James Mason
48%
Actress 1929-2021 Jane Powell
48%
Actress 1917-2007 Jane Wyman
48%
Actress 1921-1995 Lana Turner
48%
Actor 1895-1926 Rudolph Valentino
48%
Actor 1892-1984 William Powell
48%
Actor 1914-2002 Harold Russell
46%
Actress 1902-1983 Norma Shearer
46%
Actress 1931-Present Rita Moreno
46%
Actress 1922-1973 Veronica Lake
46%
Actor 1894-1974 Walter Brennan
46%
Actor 1899-1978 Charles Boyer
44%
Actor 1909-1959 Errol Flynn
44%
Actress 1900-1991 Jean Arthur
44%
Actress 1920-2006 Shelley Winters
44%
Actress 1925-2022 Angela Lansbury
43%
Actor 1888-1961 Barry Fitzgerald
43%
Actress 1894-1979 Corinne Griffith
43%
Actor 1925-2003 Donald O'Connor
43%
Actor 1896-1996 George Burns
43%
Actress 1913-2005 Geraldine Fitzgerald
43%
Actress 1906-1984 Janet Gaynor
43%
Actress 1911-1989 Lucille Ball
43%
Actor 1888-1972 Maurice Chevalier
43%
Actress 1905-1993 Myrna Loy
43%
Actor 1897-1974 1906-1959 Abbott and Costello
41%
Actress 1916-1973 Betty Field
41%
Actor 1903-2003 Bob Hope
41%
Actress 1917-2012 Celeste Holm
41%
Actor 1889-1967 Claude Rains
41%
Actor 1908-1991 Fred MacMurray
41%
Actor 1906-1972 George Sanders
41%
Actor 1893-1971 Harold Lloyd
41%
Actress 1931-2024 Mitzi Gaynor
41%
Actress 1889-1938 Pearl White
41%
Actor 1921-2004 Peter Ustinov
40%
Actor 1914-1958 Tyrone Power
40%
Actor 1911-1993 Vincent Price
40%
Actor 1897-1984 Walter Pidgeon
40%
Actress 1916-1973 Betty Grable
38%
Actor 1884-1950 Emil Jannings
38%
Actor 1885-1957 Erich von Stroheim
38%
Actor 1904-2000 John Gielgud
38%
Actor 1912-1992 José Ferrer
38%
Actor 1905-1994 Joseph Cotten
38%
Actor 1924-1987 Lee Marvin
38%
Actress 1906-1987 Mary Astor
38%
Actress 1932-1984 Peggy Ann Garner
38%
Actor 1907-1986 Ray Milland
38%
Actress 1884-1970 Billie Burke
37%
Actor 1877-1961 Charles Coburn
37%
Actress 1905-1965 Clara Bow
37%
Actor 1883-1939 Douglas Fairbanks
37%
Actor 1909-2000 Douglas Fairbanks Jr.
37%
Actor 1935-1977 Elvis Presley
37%
Actor 1890-1949 Frank Morgan
37%
Actor 1885-1969 George "Gabby" Hayes
37%
Actress 1900-1993 Helen Hayes
37%
Actress 1906-1979 Joan Blondell
37%
Actor 1895-1967 Bert Lahr
35%
Actor 1912-1989 Cornel Wilde
35%
Actress 1922-1965 Dorothy Dandridge
35%
Actress 1923-1981 Gloria Grahame
35%
Actress 1906-1985 Louise Brooks
35%
Actor 1902-1978 Chill Wills
33%
Actress 1922-2013 Eleanor Parker
33%
Actress 1908-1984 Ethel Merman
33%
Actor 1916-2000 George Montgomery
33%
Actress 1933-1967 Jayne Mansfield
33%
Actor 1911-1976 Lee J. Cobb
33%
Actress 1902-1985 Margaret Hamilton
33%
Actor 1904-1981 Robert Montgomery
33%
Actress 1902-1969 Thelma Ritter
33%
Actor 1913-1964 Alan Ladd
32%
Actress 1928-Present Ann Blyth
32%
Actor 1914-1990 Arthur Kennedy
32%
Actress 1902-1986 Elsa Lanchester
32%
Actress 1896-1977 Ethel Waters
32%
Actor 1925-2011 Farley Granger
32%
Actor 1902-1992 George Murphy
32%
Actress 1927-2023 Gina Lollobrigida
32%
Actor 1919-2006 Jack Palance
32%
Actress 1921-2011 Jane Russell
32%
Actress 1917-2010 Lena Horne
32%
Actor 1883-1930 Lon Chaney
32%
Actor 1906-1973 Lon Chaney Jr.
32%
Actress 1891-1987 Madge Kennedy
32%
Actress 1937-Present Margaret O'Brien
32%
Actor 1916-1977 Peter Finch
32%
Actor 1904-1987 Ray Bolger
32%
Actor 1918-1987 Robert Preston
32%
Actor 1913-1993 Stewart Granger
32%
Actor 1886-1950 Al Jolson
30%
Actress 1922-2017 Barbara Hale
30%
Actress 1922-2008 Cyd Charisse
30%
Actor 1908-1993 Don Ameche
30%
Actor 1915-1985 Edmond O'Brien
30%
Actress 1898-1979 Gracie Fields
30%
Actress 1894-1988 Lois Wilson
30%
Actress 1916-1972 Marie Wilson
30%
Actor 1929-2020 Max von Sydow
30%
Actor 1899-1983 Pat O'Brien
30%
Actress 1926-2010 Patricia Neal
30%
Actor 1911-2004 Ronald Reagan
30%
Actress 1902-1968 Tallulah Bankhead
30%
Actor 1903-1960 Ward Bond
30%
Actor 1892-1967 Basil Rathbone
29%
Actor 1907-1997 Burgess Meredith
29%
Actress 1914-1996 Dorothy Lamour
29%
Actress 1924-1961 Gail Russell
29%
Actor 1921-1986 Gordon MacRae
29%
Actor 1894-1974 Jack Benny
29%
Actor 1897-1979 Jack Haley
29%
Actor 1891-1973 Joe E. Brown
29%
Actor 1913-1952 John Garfield
29%
Actor 1928-1973 Laurence Harvey
29%
Actor 1913-1998 Lloyd Bridges
29%
Actor 1901-1971 Louis Armstrong
29%
Actress 1910-2014 Luise Rainer
29%
Actress 1915-1995 Priscilla Lane
29%
Actor 1902-1983 Ralph Richardson
29%
Actor 1927-1978 Robert Shaw
29%
Actor 1887-1933 Roscoe "Fatty" Arbuckle
29%
Actor 1880-1946 W. C. Fields
29%
Actress 1915-1967 Ann Sheridan
27%
Actor 1908-2003 Buddy Ebsen
27%
Actress 1903-1979 Dolores Costello
27%
Actor 1903-1978 Edgar Bergen & Charlie McCarthy
27%
Actress 1914-2000 Hedy Lamarr
27%
Actor 1916-1987 Jackie Gleason
27%
Actor 1905-1990 Joel McCrea
27%
Actress 1922-2002 Kim Hunter
27%
Actress 1917-2022 Marsha Hunt
27%
Actress 1910-1990 Paulette Goddard
27%
Actor 1908-1992 Paul Henreid
27%
Actor 1931-2018 Tab Hunter
27%
Actor 1902-1975 1903-1952 1897-1975 The Three Stooges
27%
Actor 1911-1987 Danny Kaye
25%
Actor 1945-1988 Divine
25%
Actor 1919-2004 Howard Keel
25%
Actor 1914-1984 Jackie Coogan
25%
Actress 1905-1968 Kay Francis
25%
Actress 1909-1960 Margaret Sullavan
25%
Actress 1868-1934 Marie Dressler
25%
Actor 1923-1984 Peter Lawford
25%
Actor 1904-1991 Ralph Bellamy
25%
Actor 1896-1983 Raymond Massey
25%
Actor 1916-1986 Sterling Hayden
25%
Actress 1922-2007 Yvonne De Carlo
25%
Actor 1909-1995 Burl Ives
24%
Actress 1904-1965 Constance Bennett
24%
Actor 1868-1946 George Arliss
24%
Actress 1910-1990 Joan Bennett
24%
Actor 1914-1975 Larry Parks
24%
Actress 1910-1992 Mae Clarke
24%
Actor 1908-2002 Milton Berle
24%
Actor 1898-1976 Paul Robeson
24%
Actor 1913-1997 Red Skelton
24%
Actor 1893-1949 Richard Dix
24%
Actor 1910-1990 Robert Cummings
24%
Actress 1918-2005 Teresa Wright
24%
Actor 1908-1971 Van Heflin
24%
Actress 1920-2005 Virginia Mayo
24%
Actress 1909-1955 Carmen Miranda
22%
Actress 1908-1990 Eve Arden
22%
Actress 1918-1995 Ida Lupino
22%
Actor 1912-2009 Karl Malden
22%
Actress 1916-2004 Mercedes McCambridge
22%
Actor 1882-1946 Noah Beery
22%
Actress 1909-1993 Ruby Keeler
22%
Actor 1892-1962 Thomas Mitchell
22%
Actor 1885-1949 Wallace Beery
22%
Actor 1907-1994 Cesar Romero
21%
Actor 1892-1964 Eddie Cantor
21%
Actor 1907-1998 Gene Autry
21%
Actor 1910-1963 Jack Carson
21%
Actress 1929-2010 Jean Simmons
21%
Actor 1949-1982 John Belushi
21%
Actress 1894-1968 Mae Marsh
21%
Actress 1902-1972 Miriam Hopkins
21%
Actress 1908-1973 Anna Magnani
19%
Actress 1909-1994 Jessica Tandy
19%
Actor 1906-1988 John Carradine
19%
Actress 1917-2006 June Allyson
19%
Actress 1935-1991 Lee Remick
19%
Actress 1918-1990 Pearl Bailey
19%
Actor 1905-1958 Robert Donat
19%
Actress 1898-1992 Shirley Booth
19%
Actress 1894-1963 Zasu Pitts
19%
Actor 1890-1963 Adolphe Menjou
17%
Actress 1907-1996 Annabella
17%
Actress 1921-2007 Betty Hutton
17%
Actress 1907-2004 Fay Wray
17%
Actor 1890-1966 Herbert Marshall
17%
Actress 1919-2011 Betty Garrett
16%
Actor 1902-1986 Brian Aherne
16%
Actress 1916-1994 Dinah Shore
16%
Actor 1929-1989 John Cassavetes
16%
Actor 1897-1936 John Gilbert
16%
Actor 1895-1969 Rex Ingram
16%
Actress 1896-1985 Ruth Gordon
16%
Actor 1939-1976 Sal Mineo
16%
Actor 1914-2006 1921-2000 The Nicholas Brothers
16%
Actress 1917-2012 Ann Rutherford
14%
Actress 1904-1983 Dolores del Río
14%
Actor 1909-1973 Robert Ryan
14%
Actress 1910-2005 Simone Simon
14%
Actor 1879-1954 Sydney Greenstreet
14%
Actress 1910-1982 Virginia Bruce
14%
Actress 1901-1971 Bebe Daniels
13%
Actress 1912-2001 Dale Evans
13%
Actress 1924-2018 Dorothy Malone
13%
Actress 1916-2001 Dorothy McGuire
13%
Actor 1877-1959 Edmund Gwenn
13%
Actor 1890-1956 Edward Arnold
13%
Actress 1920-1991 Gene Tierney
13%
Actress 1903-1965 Jeanette Macdonald
13%
Actress 1892-1961 Ruth Chatterton
13%
Actor 1886-1959 Victor McLaglen
13%
Actress 1905-1961 Anna May Wong
11%
Actress 1902-1981 Ann Harding
11%
Actress 1906-1971 Betty Bronson
11%
Actor 1893-1980 Jimmy Durante
11%
Actress 1885-1965 Mae Murray
11%
Actor 1901-1986 Rudy Vallée
11%
Actress 1901-1991 Vilma Bánky
11%
Actor 1895-1972 William Boyd
11%
Actor 1915-1977 Zero Mostel
11%
Actress 1898-1986 Bessie Love
10%
Actress 1910-2000 Claire Trevor
10%
Actress 1886-1938 Florence Lawrence
10%
Actress 1899-1985 Gale Sondergaard
10%
Actor 1902-1988 John Houseman
10%
Actress 1879-1965 Louise Dresser
10%
Actress 1932-2023 Piper Laurie
10%
Actress 1922-2005 Barbara Bel Geddes
8%
Actor 1905-1968 Franchot Tone
8%
Actor 1911-2003 Hume Cronyn
8%
Actress 1923-1977 Jean Hagen
8%
Actress 1925-2003 Jeanne Crain
8%
Actor 1886-1972 Leo G. Carroll
8%
Actress 1906-1987 Madeleine Carroll
8%
Actress 1911-1979 Merle Oberon
8%
Actor 1985-1963 Richard Barthelmess
8%
Actor 1914-2008 Richard Widmark
8%
Actor 1888-1954 Robert Walker
8%
Actor 1919-1983 Slim Pickens
8%
Actress 1926-1981 Vera-Ellen
8%
Actor 1913-1999 Victor Mature
8%
Actress 1892-1939 Alice Brady
6%
Actress 1903-1990 Anne Revere
6%
Actress 1889-1981 Beulah Bondi
6%
Actor 1889-1966 Clifton Webb
6%
Actress 1902-1984 Flora Robson
6%
Actor 1928-1994 George Peppard
6%
Actress 1879-1967 Jane Darwell
6%
Actress 1890-1929 Jeanne Eagels
6%
Actor 1908-1996 Lew Ayres
6%
Actress 1923-1965 Linda Darnell
6%
Actor 1886-1973 Sessue Hayakawa
6%
Actress 1910-1999 Sylvia Sidney
6%
Actress 1903-1986 Una Merkel
6%
Actress 1900-1974 Agnes Moorhead
5%
Actress 1907-1993 Ann Todd
5%
Actor 1893-1943 Conrad Veidt
5%
Actress 1904-1971 Glenda Farrell
5%
Actor 1884-1944 Harry Langdon
5%
Actress 1922-2010 Kathryn Grayson
5%
Actress 1910-2007 Kitty Carlisle
5%
Actress 1890-1975 Marjorie Main
5%
Actress 1897-1987 Pola Negri
5%
Actress 1894-1966 Seena Owen
5%
Actress 1885-1955 Theda Bara
5%
Actress 1906-1935 Thelma Todd
5%
Actor 1864-1946 William S. Hart
5%
Actress 1915-1998 Alice Faye
3%
Actress 1909-2001 Ann Sothern
3%
Actor 1901-1972 Brian Donlevy
3%
Actor 1886-1970 Charles Ruggles
3%
Actress 1931-Present Claire Bloom
3%
Actor 1915-1978 Dan Dailey
3%
Actress 1921-2013 Deanna Durbin
3%
Actor 1883-1970 Edward Everett Horton
3%
Actor 1924-1992 Freddie Bartholomew
3%
Actress 1911-1980 Gail Patrick
3%
Actor 1903-1978 Jack Oakie
3%
Actress 1921-2001 Jane Greer
3%
Actress 1925-2015 Joan Leslie
3%
Actor 1904-1984 Johnny Weissmuller
3%
Actress 1914-1986 Lilli Palmer
3%
Actress 1900-1962 Louise Beavers
3%
Actor 1921-2015 Louis Jourdan
3%
Actress 1908-1944 Lupe Vélez
3%
Actress 1905-1994 Mildred Natwick
3%
Actor 1901-1967 Nelson Eddy
3%
Actress 1924-2008 Nina Foch
3%
Actress 1923-2020 Rhonda Fleming
3%
Actor 1920-2009 Ricardo Montalbán
3%
Actor 1928-1998 Roddy McDowall
3%
Actress 1911-2005 Ruth Hussey
3%
Actor 1880-1940 Tom Mix
3%
Actor 1906-1964 William Bendix
3%
Actress 1888-1974 Anna Q. Nilsson
2%
Actress 1923-1988 Bonita Granville
2%
Actress 1898-19733 Constance Talmadge
2%
Actress 1895-1958 Edna Purviance
2%
Actress 1883-1984 Estelle Winwood
2%
Actress 1913-1993 Evelyn Venable
2%
Actress 1913-1970 Frances Farmer
2%
Actor 1901-1980 George Raft
2%
Actress 1907-1958 Helen Twelvetrees
2%
Actress 1897-1987 Hermione Gingold
2%
Actress 1926-2021 Jane Withers
2%
Actress 1910-2006 Jane Wyatt
2%
Actor 1904-1991 Keye Luke
2%
Actress 1893-1930 Mabel Normand
2%
Actor 1902-1973 Mantan Moreland
2%
Actress 1882-1965 Margaret Dumont
2%
Actress 1919-2000 Marie Windsor
2%
Actress 1911-1998 Maureen O'Sullivan
2%
Actress 1899-1984 May McAvoy
2%
Actress 1894-1957 Norma Talmadge
2%
Actor 1906-1972 Oscar Levant
2%
Actor 1899-1968 Ramon Novarro
2%
Actor 1940-1994 Raul Julia
2%
Actress 1886-1971 Spring Byington
2%
Actress 1879-1945 Alla Nazimova
0%
Actress 1904-1986 Anna Neagle
0%
Actor 1869-1940 Ben Turpin
0%
Actress 1896-1986 Blanche Sweet
0%
Actor 1908-1983 Buster Crabbe
0%
Actress 1917-2017 Danielle Darrieux
0%
Actor 1936-2021 Dean Stockwell
0%
Actor 1915-2002 Eddie Bracken
0%
Actor 1883-1966 Francis X. Bushman
0%
Actor 1905-1994 Gilbert Roland
0%
Actress 1925-2016 Gloria DeHaven
0%
Actress 1891-1959 Helen Broderick
0%
Actress 1916-2002 Irene Worth
0%
Actress 1938-1979 Jean Seberg
0%
Actress 1926-2005 June Haver
0%
Actor 1879-1948 King Baggot
0%
Actress 1912-1951 Maria Montez
0%
Actress 1896-1937 Marie Prevost
0%
Actor 1921-1959 Mario Lanza
0%
Actress 1912-1967 Nina Mae McKinney
0%
Actress 1908-2003 Penny Singleton
0%
Actress 1922-1999 Ruth Roman
0%
Actor 1924-1963 Sabu
0%
Actress 1912-1969 Sonja Henie
0%
Actress 1919-2003 Vera Ralston
0%
Actress 1897-1987 Viola Dana
0%
Actress 1920-1995 Viveca Lindfors
0%
Actor 1876-1953 William Farnum
0%
Actor 1914-1994 Woody Strode
0%
No matching quizzes found
Score Distribution
Percent of People with Each Score
Percentile by Number Answered
Your Score History
You have not taken this quiz